书目信息 |
| 书名: | Wide-bandwidth high dynamic range D/A converters = | |
| 作者: | Konstantinos Doris, Arthur van Roermund and Domine Leenaerts. | |
| 分册号: | ||
| 分册名: | 出版地: | 北京 : |
|
| 出版社: | 科学出版社 | |
| 出版时间: | 2007. | |
| 页数: | xvii, 204 p. : | |
| 开本: | 24 cm. | |
| 丛书名: | 国外电子信息精品著作 | |
| 中图分类号: | ||
| 科图分类号: | ||
| 其他分类号: | TP335 | |
| 主题词: | ||
| 电子资源: | ||
| 000 | 01682cam a2200601 a 4500 | |
| 001 | E0753440217 | |
| 003 | CAL | |
| 005 | 20070819150308.73 | |
| 008 | 070110r20072006cc a b 000 0 eng d | |
| 020 | @a7030182449 :@cCNY32.00. | |
| 024 | 3 | @a9787030182449 |
| 040 | @aNMU@cNMU | |
| 082 | 00 | @a621.3815/322@222 |
| 090 | @aTP335 | |
| 093 | @aTN914@24 | |
| 093 | @aTP335@24 | |
| 099 | @dTP335@ex224 | |
| 100 | 1 | @aDoris, Konstantinos. |
| 245 | 10 | @aWide-bandwidth high dynamic range D/A converters = :@b宽带高动态范围 DAC / @cKonstantinos Doris, Arthur van Roermund and Domine Leenaerts. |
| 246 | 31 | @a宽带高动态范围 DAC |
| 260 | @a北京 :@b科学出版社,@c2007. | |
| 300 | @axvii, 204 p. :@bill. ;@c24 cm. | |
| 440 | 0 | @a国外电子信息精品著作 |
| 504 | @aIncludes bibliographical references. | |
| 534 | @pReprint. Originally published:@cDordrecht : Springer, c2006.@z0387304150(hbk. : acid free paper) | |
| 650 | 0 | @aDigital-to-analog converters. |
| 650 | 0 | @aIntegrated circuits. |
| 700 | 1 | @aRoermund, Arthur H. M. van. |
| 700 | 1 | @aLeenaerts, Domine M. W. |
| 920 | @a211130@z1 | |
| 920 | @a261030@z2 | |
| 920 | @a234030@z1 | |
| 920 | @a211010@z2 | |
| 920 | @a231400@z1 | |
| 920 | @a242010@z1 | |
| 920 | @a211030@z2 | |
| 920 | @a211070@z1 | |
| 920 | @a212010@z1 | |
| 920 | @a211260@z1 | |
| 920 | @a245010@z2 | |
| 920 | @a233020@z2 | |
| 920 | @a251010@z2 | |
| 920 | @a235030@z1 | |
| 920 | @a211090@z2 | |
| 920 | @a232090@z2 | |
| 920 | @a222020@z2 | |
| 920 | @a221020@z1 | |
| 920 | @a211500@z2 | |
| 920 | @a231010@z2 | |
| 920 | @a242020@z1 | |
| 920 | @a211060@z1 | |
| 920 | @a215010@z1 | |
| 998 | @aNMU | |
| Wide-bandwidth high dynamic range D/A converters = : : 宽带高动态范围 DAC / / Konstantinos Doris, Arthur van Roermund and Domine Leenaerts.-北京 : : 科学出版社, , 2007. |
| xvii, 204 p. : : ill. ; ; 24 cm.- (国外电子信息精品著作) |
| Includes bibliographical references. |
| ISBN 7030182449 :CNY32.00. |
| ● |
| 相关链接 |
|
|
|
|
正题名:Wide-bandwidth high dynamic range D/A converters =
索取号:TP335/x224
 
预约/预借
| 序号 | 登录号 | 条形码 | 馆藏地/架位号 | 状态 | 备注 |
| 1 | 17142 | 300171427 | 第二样本阅览室/ [索取号:TP335/x224] | 在馆 | |
| 2 | 17143 | 300171436 | 第四借阅区/ [索取号:TP335/x224] | 在馆 | |
| 3 | 17144 | 300171445 | 第四借阅区/ [索取号:TP335/x224] | 在馆 | |
| 4 | 17145 | 300171454 | 第四借阅区/ [索取号:TP335/x224] | 在馆 | |
| 5 | 17146 | 300171463 | 第四借阅区/ [索取号:TP335/x224] | 在馆 |